| 000 | 00775nam a2200265Ia 4500 | ||
|---|---|---|---|
| 003 | GCL | ||
| 008 | 140319s9999 xx 000 0 ara d | ||
| 040 |
_aGCL / _cGCL |
||
| 082 | 0 | 4 |
_a598.2962 _bم ط |
| 100 | 1 | _aمحمد محمد عنانى | |
| 245 | 1 | 0 |
_aطيور مصر / _cمحمد محمد عنانى |
| 260 |
_aالقاهرة : _bالهيئة المصرية العامة للكتاب ، _c1993 |
||
| 300 |
_a384 ص ؛ _c30 سم |
||
| 490 | _a | ||
| 650 | 0 | 4 | _aمصر |
| 650 | 0 | 4 | _aفسيولوجيا |
| 650 | 0 | 4 | _aالهجرة |
| 650 | 0 | 4 | _aالطيران |
| 650 | 0 | 4 | _aالطيور |
| 650 | 0 | 4 | _aعادات وتقاليد |
| 650 | 0 | 4 | _aتشريح |
| 650 | 0 | 4 | _aطيور الصيد |
| 650 | 0 | 4 | _aطيور المناطق الحارة |
| 942 |
_2ddc _cBK |
||
| 999 |
_c28588 _d28588 |
||